[Event "Zonal 2.4 Brasil 2011"]
[Site "Rio de Janeiro BRA"]
[Date "2011.06.18"]
[Round "1.1"]
[White "Bil, Angelo"]
[Black "Cordova, Emilio"]
[Result "0-1"]
[WhiteElo "2104"]
[BlackElo "2561"]
[PlyCount "52"]
[EventDate "2011.06.18"]
[EventType "swiss"]
[EventRounds "9"]
[EventCountry "BRA"]
[Source "lmi"]
[SourceDate "2011.06.18"]

1. e4 c5 2. Nf3 a6 3. d4 cxd4 4. Nxd4 Nf6 5. Nc3 e5 6. Nb3 Bb4 7. Bd3 O-O 8.
O-O Bxc3 9. bxc3 d6 10. Qe2 Be6 11. Ba3 Qc7 12. c4 Nbd7 13. f4 Rfc8 14. Nd2
exf4 15. Qf2 Ne5 16. Qxf4 b5 17. cxb5 Qc3 18. b6 Rab8 19. b7 Rxb7 20. Bxa6 Qxa3
21. Bxb7 Qa7+ 22. Kh1 Qxb7 23. c4 h6 24. h3 Bxc4 25. Nxc4 Rxc4 26. Rfc1 Nd3 0-1

[Event "Zonal 2.4 Brasil 2011"]
[Site "Rio de Janeiro BRA"]
[Date "2011.06.18"]
[Round "1.2"]
[White "Fier, Alexandr"]
[Black "Ferreira, Kleber Victor"]
[Result "1-0"]
[WhiteElo "2560"]
[BlackElo "2099"]
[PlyCount "55"]
[EventDate "2011.06.18"]
[EventType "swiss"]
[EventRounds "9"]
[EventCountry "BRA"]
[Source "lmi"]
[SourceDate "2011.06.18"]

1. e4 e5 2. Nf3 Nc6 3. Bb5 f5 4. Nc3 Nf6 5. exf5 Nd4 6. Nxd4 exd4 7. Ne2 Bc5 8.
O-O c6 9. Bd3 O-O 10. c3 d5 11. Ng3 Qd6 12. b4 Bb6 13. Rb1 Bd7 14. c4 dxc4 15.
Bxc4+ Kh8 16. d3 Rae8 17. Bd2 Bc7 18. f4 Bc8 19. Qf3 Qd8 20. b5 c5 21. Rbe1 Ba5
22. Bxa5 Qxa5 23. Re5 Nd7 24. Rxe8 Rxe8 25. Ne4 Qb6 26. Qh5 g6 27. Qh6 gxf5 28.
Nd6 1-0

[Event "Zonal 2.4 Brasil 2011"]
[Site "Rio de Janeiro BRA"]
[Date "2011.06.18"]
[Round "1.3"]
[White "Souza, Marcos Valerio A"]
[Black "Zambrana, Oswaldo"]
[Result "0-1"]
[WhiteElo "2097"]
[BlackElo "2514"]
[PlyCount "126"]
[EventDate "2011.06.18"]
[EventType "swiss"]
[EventRounds "9"]
[EventCountry "BRA"]
[Source "lmi"]
[SourceDate "2011.06.18"]

1. d4 c5 2. c3 b6 3. Bf4 Nf6 4. e3 Bb7 5. Nd2 e6 6. Ngf3 Be7 7. h3 O-O 8. Bd3
d6 9. Qe2 Nc6 10. O-O a6 11. a3 Re8 12. e4 b5 13. Rfd1 Qb6 14. Be3 Qc7 15. Bf4
e5 16. dxe5 dxe5 17. Be3 c4 18. Bc2 Nd7 19. Nf1 Na5 20. N3d2 Rad8 21. Ng3 g6
22. Qg4 Bc8 23. Nf5 Nc5 24. Nxe7+ Rxe7 25. Qh4 Ne6 26. Nf3 Nc6 27. Ng5 f6 28.
Nxe6 Rxe6 29. Qg3 Rxd1+ 30. Rxd1 Kg7 31. Qf3 Rd6 32. Rd2 Rxd2 33. Bxd2 Nd8 34.
Qe3 Ne6 35. Qh6+ Kg8 36. g3 Qd7 37. h4 Qe7 38. Qe3 Nc5 39. f3 Qd6 40. g4 Be6
41. Kf1 Bf7 42. Be1 h5 43. gxh5 gxh5 44. Qg1+ Kh7 45. Qe3 Ne6 46. Qd2 Qc7 47.
Bg3 Kg7 48. Bd1 Nc5 49. Bc2 Nd3 50. Bxd3 cxd3 51. Be1 Qc4 52. Qg2+ Kh7 53. Bd2
Qb3 54. Be1 Qd1 55. Qf2 d2 56. Qxd2 Qxf3+ 57. Qf2 Qxe4 58. Qa7 Qc4+ 59. Kg1 Kg6
60. Qe3 Qg4+ 61. Bg3 Bd5 62. Kf1 Qf5+ 63. Bf2 Qf3 0-1

[Event "Zonal 2.4 Brasil 2011"]
[Site "Rio de Janeiro BRA"]
[Date "2011.06.18"]
[Round "1.4"]
[White "El Debs, Felipe De Cresce"]
[Black "Souza, Neves Andrey M"]
[Result "1-0"]
[WhiteElo "2497"]
[BlackElo "2094"]
[PlyCount "57"]
[EventDate "2011.06.18"]
[EventType "swiss"]
[EventRounds "9"]
[EventCountry "BRA"]
[Source "lmi"]
[SourceDate "2011.06.18"]

1. Nf3 d5 2. d4 c6 3. c4 e6 4. Qc2 Bd6 5. g3 f5 6. Bf4 Nf6 7. Nbd2 O-O 8. Bg2
Ne4 9. Bxd6 Qxd6 10. O-O b6 11. Ne5 c5 12. cxd5 exd5 13. Nec4 Qe7 14. Ne3 Bb7
15. dxc5 bxc5 16. Rad1 Kh8 17. Nxe4 dxe4 18. Rd2 Nd7 19. Bh3 Nb6 20. Bxf5 Qe5
21. Bh3 h5 22. Qc3 Qg5 23. Rc2 c4 24. Nxc4 Nd5 25. Qe5 Nf4 26. Bg2 Rf5 27. gxf4
Qg6 28. Qc7 Rf7 29. Ne5 1-0

[Event "Zonal 2.4 Brasil 2011"]
[Site "Rio de Janeiro BRA"]
[Date "2011.06.18"]
[Round "1.5"]
[White "Da Silva, Jose Almir Martins"]
[Black "Matsuura, Everaldo"]
[Result "0-1"]
[WhiteElo "2078"]
[BlackElo "2480"]
[PlyCount "42"]
[EventDate "2011.06.18"]
[EventType "swiss"]
[EventRounds "9"]
[EventCountry "BRA"]
[Source "lmi"]
[SourceDate "2011.06.18"]

1. d4 d5 2. c4 e6 3. Nf3 Nf6 4. e3 c5 5. Nc3 Nc6 6. cxd5 exd5 7. Bb5 Bd6 8. O-O
O-O 9. h3 Re8 10. Re1 c4 11. Bd2 Bd7 12. Bxc6 bxc6 13. Qc2 Ne4 14. Nxe4 Bf5 15.
Qd1 Bxe4 16. a4 Re6 17. Nh2 Rg6 18. f3 Qh4 19. Ng4 Rxg4 20. fxg4 Qg3 21. Qe2
Qh2+ 0-1

[Event "Zonal 2.4 Brasil 2011"]
[Site "Rio de Janeiro BRA"]
[Date "2011.06.18"]
[Round "1.6"]
[White "Di Berardino, Diego Rafael"]
[Black "Miranda Neto, Jayme Amorim"]
[Result "1-0"]
[WhiteElo "2480"]
[BlackElo "2070"]
[PlyCount "73"]
[EventDate "2011.06.18"]
[EventType "swiss"]
[EventRounds "9"]
[EventCountry "BRA"]
[Source "lmi"]
[SourceDate "2011.06.18"]

1. d4 d5 2. c4 e6 3. Nc3 Nf6 4. Bg5 Be7 5. e3 O-O 6. Nf3 dxc4 7. Bxc4 a6 8. a4
c5 9. O-O cxd4 10. exd4 Nc6 11. Re1 Qd6 12. Qd2 Rd8 13. Rad1 Qb4 14. Qe2 h6 15.
Bc1 Bd7 16. Bd2 Qxb2 17. d5 exd5 18. Nxd5 Nxd5 19. Bxd5 Bf6 20. Rb1 Qa3 21.
Rxb7 Qxa4 22. h3 Be8 23. Bb3 Nd4 24. Nxd4 Qxd4 25. Ba5 Rdb8 26. Qf3 Qc5 27. Bb4
Qg5 28. Bd6 Rc8 29. Bf4 Qa5 30. Rxe8+ Rxe8 31. Bxf7+ Kh8 32. Bxe8 Rxe8 33. Qc6
Qe1+ 34. Kh2 a5 35. Bg3 Rd8 36. f4 Bd4 37. Bxe1 1-0

[Event "Zonal 2.4 Brasil 2011"]
[Site "Rio de Janeiro BRA"]
[Date "2011.06.18"]
[Round "1.7"]
[White "Mariano, Marceley Martins"]
[Black "Bittencourt, Jorge"]
[Result "0-1"]
[WhiteElo "2043"]
[BlackElo "2446"]
[PlyCount "86"]
[EventDate "2011.06.18"]
[EventType "swiss"]
[EventRounds "9"]
[EventCountry "BRA"]
[Source "lmi"]
[SourceDate "2011.06.18"]

1. e4 c5 2. Nf3 d6 3. d4 cxd4 4. Nxd4 Nf6 5. Nc3 a6 6. Bg5 Nbd7 7. f4 e5 8. Nf3
Qc7 9. a4 Be7 10. Qd2 O-O 11. Be2 b6 12. O-O Bb7 13. Bd3 exf4 14. Bxf4 Ne5 15.
Qe2 Ng6 16. Bg5 Rfe8 17. Qd2 Bd8 18. Rae1 h6 19. Bf4 Nxf4 20. Qxf4 Qc5+ 21. Kh1
Qb4 22. Qd2 Qxb2 23. Rb1 Qa3 24. Rb3 Qc5 25. Qf4 Rc8 26. Nh4 Qe5 27. Nf5 Qxf4
28. Rxf4 Re6 29. Nd4 Re5 30. Nf5 Ne8 31. h4 Kf8 32. Rf3 Rec5 33. Nd5 Bxd5 34.
exd5 Rxd5 35. Ne3 Rd4 36. Bxa6 Rxh4+ 37. Kg1 Rc5 38. Bb5 Rd4 39. c4 Nf6 40. Rb2
g6 41. Re2 Re5 42. Ref2 Kg7 43. Nd5 Rd1+ 0-1

[Event "Zonal 2.4 Brasil 2011"]
[Site "Rio de Janeiro BRA"]
[Date "2011.06.18"]
[Round "1.8"]
[White "Molina, Roberto Junio Brito"]
[Black "Pereira, Celio Antunes"]
[Result "1-0"]
[WhiteElo "2406"]
[BlackElo "2039"]
[PlyCount "57"]
[EventDate "2011.06.18"]
[EventType "swiss"]
[EventRounds "9"]
[EventCountry "BRA"]
[Source "lmi"]
[SourceDate "2011.06.18"]

1. d4 Nf6 2. c4 g6 3. Nc3 Bg7 4. Nf3 O-O 5. g3 d6 6. Bg2 c5 7. d5 Nbd7 8. O-O
Rb8 9. h3 a6 10. a4 b6 11. e4 Ne8 12. Bf4 h6 13. Qd2 Kh7 14. Rfe1 Ne5 15. Nxe5
dxe5 16. Be3 Nd6 17. b3 Qc7 18. Rac1 f5 19. f3 Bd7 20. Kh2 Rf7 21. Nd1 Rbf8 22.
Nb2 fxe4 23. fxe4 Ne8 24. a5 Nf6 25. Nd3 bxa5 26. Nxc5 Bc8 27. Ra1 Nh5 28. Qxa5
Qd6 29. Ne6 1-0

[Event "Zonal 2.4 Brasil 2011"]
[Site "Rio de Janeiro BRA"]
[Date "2011.06.18"]
[Round "1.9"]
[White "Silva, Marcelo Dos Santos"]
[Black "Toth, Christian Endre"]
[Result "0-1"]
[WhiteElo "2038"]
[BlackElo "2366"]
[PlyCount "38"]
[EventDate "2011.06.18"]
[EventType "swiss"]
[EventRounds "9"]
[EventCountry "BRA"]
[Source "lmi"]
[SourceDate "2011.06.18"]

1. c4 e6 2. Nc3 f5 3. d4 Nf6 4. g3 Be7 5. Bg2 O-O 6. Nf3 d6 7. O-O Nc6 8. d5
Ne5 9. Nxe5 dxe5 10. e3 e4 11. a3 e5 12. f3 exf3 13. Bxf3 e4 14. Bg2 Ng4 15.
Qc2 Bc5 16. Nd1 Qg5 17. Qe2 Bd6 18. Nf2 Nxh2 19. Kxh2 Qxg3+ 0-1

[Event "Zonal 2.4 Brasil 2011"]
[Site "Rio de Janeiro BRA"]
[Date "2011.06.18"]
[Round "1.10"]
[White "Barbosa, Evandro Amorim"]
[Black "Dias, Simao Poscidonio"]
[Result "1-0"]
[WhiteElo "2343"]
[BlackElo "2029"]
[PlyCount "85"]
[EventDate "2011.06.18"]
[EventType "swiss"]
[EventRounds "9"]
[EventCountry "BRA"]
[Source "lmi"]
[SourceDate "2011.06.18"]

1. d4 d5 2. c4 c6 3. Nf3 Nf6 4. Nc3 e6 5. Bg5 Nbd7 6. cxd5 exd5 7. e3 Be7 8.
Bd3 O-O 9. Qc2 Re8 10. O-O h6 11. Bf4 Nf8 12. h3 Bd6 13. Ne5 Ne6 14. Bh2 a6 15.
Rad1 c5 16. Ne2 cxd4 17. Nxd4 Nxd4 18. exd4 Qb6 19. Kh1 Be6 20. f3 Rac8 21. Qf2
Re7 22. Bf4 Nh5 23. Bh2 Nf6 24. Bb1 Bd7 25. Qh4 Bb5 26. Rg1 Rce8 27. Bc2 Nd7
28. f4 Nf6 29. Rge1 Ne4 30. Bxe4 dxe4 31. f5 f6 32. Ng6 Rc7 33. Rxe4 Bxh2 34.
Kxh2 Qd6+ 35. Kh1 Qd5 36. Rxe8+ Bxe8 37. Qg3 Bc6 38. Re1 Qd8 39. d5 Bxd5 40.
Qxc7 Bxg2+ 41. Kxg2 Qd5+ 42. Kg3 Qd3+ 43. Kh4 1-0

[Event "Zonal 2.4 Brasil 2011"]
[Site "Rio de Janeiro BRA"]
[Date "2011.06.18"]
[Round "1.12"]
[White "Gonzalez, Bolivar Ribeiro"]
[Black "Nery Junior, Jose Antonio"]
[Result "1-0"]
[WhiteElo "2317"]
[BlackElo "2017"]
[PlyCount "79"]
[EventDate "2011.06.18"]
[EventType "swiss"]
[EventRounds "9"]
[EventCountry "BRA"]
[Source "lmi"]
[SourceDate "2011.06.18"]

1. e4 c5 2. Nf3 d6 3. d4 cxd4 4. Nxd4 Nf6 5. Nc3 e6 6. g4 a6 7. g5 Nfd7 8. a4
Be7 9. h4 Nc6 10. Be3 Qc7 11. f4 Nxd4 12. Qxd4 e5 13. Qd2 exf4 14. Nd5 Qd8 15.
Bxf4 Ne5 16. O-O-O Bg4 17. Be2 Bxe2 18. Qxe2 Qa5 19. b3 Rc8 20. Bd2 Qd8 21. Bb4
Rc6 22. Rd2 O-O 23. Rhd1 Re8 24. Kb1 Bf8 25. Rg1 Nd7 26. h5 Nc5 27. Rg4 Re5 28.
Qg2 Ne6 29. g6 fxg6 30. hxg6 hxg6 31. Rxg6 Rg5 32. Rxg5 Qxg5 33. Qh3 Nf4 34.
Qd7 Nxd5 35. Qe6+ Kh7 36. Rh2+ Qh6 37. Rxh6+ gxh6 38. Qf7+ Bg7 39. exd5 Rc8 40.
Qf5+ 1-0

[Event "Zonal 2.4 Brasil 2011"]
[Site "Rio de Janeiro BRA"]
[Date "2011.06.18"]
[Round "1.13"]
[White "Chiari, Arthur Gontijo"]
[Black "Macedo, Maximo Iack"]
[Result "0-1"]
[WhiteElo "2016"]
[BlackElo "2314"]
[PlyCount "78"]
[EventDate "2011.06.18"]
[EventType "swiss"]
[EventRounds "9"]
[EventCountry "BRA"]
[Source "lmi"]
[SourceDate "2011.06.18"]

1. e4 e6 2. d4 d5 3. Nd2 c5 4. exd5 Qxd5 5. Ngf3 cxd4 6. Bc4 Qc5 7. O-O Nc6 8.
a3 Be7 9. b4 Qd6 10. Ne4 Qc7 11. Qd3 Nf6 12. Bb2 a6 13. Nxf6+ Bxf6 14. Nxd4 Ne5
15. Bb5+ axb5 16. Nxb5 Qc6 17. Nd6+ Ke7 18. Nxc8+ Rhxc8 19. Bxe5 Bxe5 20. Rae1
Bf6 21. Re2 g6 22. Kh1 Qc4 23. Qf3 b5 24. Rfe1 Bc3 25. Rd1 Rd8 26. Rf1 Rxa3 27.
h3 Rd2 28. Ree1 Bxb4 29. Qb7+ Rd7 30. Qb8 Bxe1 31. Rxe1 Rc3 32. Qe5 Rxc2 33.
Kg1 f6 34. Qe3 Rc7 35. Qh6 Ke8 36. Kh2 Rxf2 37. Kh1 Rf1+ 38. Rxf1 Qxf1+ 39. Kh2
Rc2 0-1

[Event "Zonal 2.4 Brasil 2011"]
[Site "Rio de Janeiro BRA"]
[Date "2011.06.18"]
[Round "1.14"]
[White "Aranha Filho, Alvaro Z"]
[Black "Dos Santos Jr, Braulio"]
[Result "1-0"]
[WhiteElo "2302"]
[BlackElo "2016"]
[PlyCount "51"]
[EventDate "2011.06.18"]
[EventType "swiss"]
[EventRounds "9"]
[EventCountry "BRA"]
[Source "lmi"]
[SourceDate "2011.06.18"]

1. d4 Nf6 2. Nf3 c5 3. c3 e6 4. Bg5 Nc6 5. e3 b6 6. Bd3 Be7 7. Nbd2 Bb7 8. Qe2
d6 9. e4 e5 10. dxe5 dxe5 11. Nc4 Qc7 12. Ne3 O-O-O 13. Bxf6 Bxf6 14. Nd5 Qd7
15. Ba6 Bxa6 16. Qxa6+ Qb7 17. Qb5 Ne7 18. c4 Nc6 19. O-O Rd6 20. a3 Nd4 21.
Nxd4 exd4 22. b4 a6 23. Qa4 Rxd5 24. exd5 Be7 25. Rfe1 Bd6 26. Re8+ 1-0

[Event "Zonal 2.4 Brasil 2011"]
[Site "Rio de Janeiro BRA"]
[Date "2011.06.18"]
[Round "1.15"]
[White "Borensztajn, David"]
[Black "Espinoza, Palomino Willyam"]
[Result "1/2-1/2"]
[WhiteElo "1994"]
[BlackElo "2295"]
[PlyCount "59"]
[EventDate "2011.06.18"]
[EventType "swiss"]
[EventRounds "9"]
[EventCountry "BRA"]
[Source "lmi"]
[SourceDate "2011.06.18"]

1. d4 Nf6 2. Nf3 e6 3. e3 c5 4. Bd3 b6 5. O-O Be7 6. b3 Bb7 7. Nbd2 Nc6 8. Bb2
O-O 9. a3 d5 10. Ne5 a6 11. f4 b5 12. c4 bxc4 13. bxc4 Rb8 14. Qc2 h6 15. Ndf3
Qb6 16. Rab1 Nxe5 17. Nxe5 Rfc8 18. f5 dxc4 19. Nxc4 Qc6 20. fxe6 Qxe6 21. Bf5
Be4 22. Bxe4 Nxe4 23. d5 Qxd5 24. Rbd1 Rxb2 25. Nxb2 Qe6 26. Nc4 Re8 27. Rf3
Ng5 28. Rff1 Ne4 29. Rf3 Ng5 30. Rff1 1/2-1/2

[Event "Zonal 2.4 Brasil 2011"]
[Site "Rio de Janeiro BRA"]
[Date "2011.06.18"]
[Round "1.16"]
[White "Teixeira, Ricardo Da Silva"]
[Black "Cuellar, Ulises"]
[Result "1/2-1/2"]
[WhiteElo "2292"]
[BlackElo "1994"]
[PlyCount "60"]
[EventDate "2011.06.18"]
[EventType "swiss"]
[EventRounds "9"]
[EventCountry "BRA"]
[Source "lmi"]
[SourceDate "2011.06.18"]

1. d4 Nf6 2. Nf3 g6 3. Nc3 d5 4. Bf4 Bg7 5. e3 O-O 6. Be2 c5 7. Ne5 Qb6 8. a3
cxd4 9. exd4 Nc6 10. Nxc6 Qxc6 11. O-O Be6 12. Bb5 Qb6 13. a4 Qa5 14. Be5 Rac8
15. Re1 Rfd8 16. Qe2 Qb4 17. Ra3 Qa5 18. Bd3 Rc6 19. Rb3 Ne4 20. Bxe4 Bxe5 21.
dxe5 dxe4 22. Rb5 Qc7 23. Qxe4 Bc4 24. Rb4 a5 25. Nb5 Bxb5 26. Rxb5 Rxc2 27.
Qxb7 Qxb7 28. Rxb7 Rdd2 29. Rf1 Rxb2 30. Rxb2 Rxb2 1/2-1/2

[Event "Zonal 2.4 Brasil 2011"]
[Site "Rio de Janeiro BRA"]
[Date "2011.06.18"]
[Round "1.17"]
[White "Pazos, Marco"]
[Black "Abdalla, Luiz Guilherme Aure"]
[Result "0-1"]
[WhiteElo "1985"]
[BlackElo "2289"]
[PlyCount "66"]
[EventDate "2011.06.18"]
[EventType "swiss"]
[EventRounds "9"]
[EventCountry "BRA"]
[Source "lmi"]
[SourceDate "2011.06.18"]

1. Nf3 c5 2. e4 Nc6 3. d3 g6 4. g3 Bg7 5. Bg2 d6 6. O-O e6 7. Re1 Nge7 8. Nbd2
O-O 9. Nf1 Rb8 10. h4 b5 11. h5 a5 12. N1h2 e5 13. Nh4 Qd7 14. Bf3 Nd4 15. Bg4
f5 16. Bh3 Qe8 17. c3 Ne6 18. h6 Bh8 19. exf5 Nxf5 20. Nxf5 gxf5 21. Nf3 Rf7
22. Nh4 Nf8 23. Qh5 Qe6 24. Qg5+ Ng6 25. Nxg6 hxg6 26. Qd8+ Kh7 27. Qg5 Bb7 28.
Bg2 Bxg2 29. Kxg2 Qd5+ 30. Kg1 Qxd3 31. Be3 f4 32. Rad1 Qf5 33. Bc1 fxg3 0-1

[Event "Zonal 2.4 Brasil 2011"]
[Site "Rio de Janeiro BRA"]
[Date "2011.06.18"]
[Round "1.18"]
[White "Cavalcanti, Francisco De Assis"]
[Black "Suasnabar, Jesus"]
[Result "1-0"]
[WhiteElo "2284"]
[BlackElo "1983"]
[PlyCount "73"]
[EventDate "2011.06.18"]
[EventType "swiss"]
[EventRounds "9"]
[EventCountry "BRA"]
[Source "lmi"]
[SourceDate "2011.06.18"]

1. d4 d5 2. c4 e6 3. Nc3 c5 4. cxd5 exd5 5. Nf3 Nc6 6. e3 Nf6 7. Be2 Bd6 8. O-O
O-O 9. dxc5 Bxc5 10. b3 Be6 11. Bb2 Qe7 12. Rc1 Rac8 13. Nb5 Rfd8 14. Bxf6 gxf6
15. Nbd4 Ne5 16. Nh4 Ng6 17. Nhf5 Bxf5 18. Nxf5 Qe5 19. Bg4 Rc6 20. Qf3 Ba3 21.
Rxc6 bxc6 22. Nd4 Rd6 23. Qh3 Bc5 24. Nf5 Rd8 25. Nh6+ Kg7 26. Nxf7 Kxf7 27.
Qxh7+ Kf8 28. Qxg6 Bd6 29. g3 c5 30. h4 d4 31. exd4 cxd4 32. h5 d3 33. h6 Bc5
34. Bf5 Bxf2+ 35. Rxf2 Ke7 36. Qg7+ Kd6 37. Bxd3 1-0

[Event "Zonal 2.4 Brasil 2011"]
[Site "Rio de Janeiro BRA"]
[Date "2011.06.18"]
[Round "1.20"]
[White "Guimaraes, Wagner Peixoto"]
[Black "Pluschkat, Gustavo Ranulpho"]
[Result "1-0"]
[WhiteElo "2277"]
[BlackElo "1942"]
[PlyCount "59"]
[EventDate "2011.06.18"]
[EventType "swiss"]
[EventRounds "9"]
[EventCountry "BRA"]
[Source "lmi"]
[SourceDate "2011.06.18"]

1. e4 e5 2. Nf3 Nc6 3. Bb5 a6 4. Ba4 Nf6 5. d4 Qe7 6. O-O b5 7. Bb3 Nxd4 8.
Nxd4 exd4 9. e5 Ng8 10. Bg5 Qxg5 11. Qf3 Bc5 12. Qxf7+ Kd8 13. Qd5 Ne7 14. Qxa8
c6 15. e6 d6 16. a4 b4 17. Bc4 Kc7 18. Bxa6 Bxe6 19. Qb7+ Kd8 20. Qb8+ Kd7 21.
Qb7+ Ke8 22. Qa8+ Kf7 23. Qxh8 Bh3 24. Bc4+ Nd5 25. g3 Qf5 26. Re1 Qd7 27. Qxh7
Bf5 28. Qh5+ Kf6 29. Qf3 Nb6 30. Bd3 1-0

[Event "Zonal 2.4 Brasil 2011"]
[Site "Rio de Janeiro BRA"]
[Date "2011.06.18"]
[Round "1.21"]
[White "Da Silva, Wagner Jose"]
[Black "Quintiliano Pinto, Renato R"]
[Result "0-1"]
[WhiteElo "1828"]
[BlackElo "2259"]
[PlyCount "60"]
[EventDate "2011.06.18"]
[EventType "swiss"]
[EventRounds "9"]
[EventCountry "BRA"]
[Source "lmi"]
[SourceDate "2011.06.18"]

1. e4 c5 2. Nf3 d6 3. d4 cxd4 4. Nxd4 Nf6 5. Nc3 g6 6. f4 Nc6 7. Nxc6 bxc6 8.
e5 Nd7 9. exd6 exd6 10. Qd4 Nf6 11. Be3 Be7 12. Be2 O-O 13. Bf3 d5 14. Na4 Bf5
15. O-O Re8 16. c3 Nd7 17. Qd2 Bf6 18. c4 Be4 19. cxd5 cxd5 20. Rad1 Nb6 21.
Nxb6 axb6 22. a3 Ra4 23. Qf2 d4 24. Bc1 d3 25. Qd2 Rd4 26. b4 Bxf3 27. Rxf3 Re2
28. Qc3 d2 29. Bb2 Re1+ 30. Rf1 Rxf1+ 0-1

[Event "Zonal 2.4 Brasil 2011"]
[Site "Rio de Janeiro BRA"]
[Date "2011.06.18"]
[Round "1.22"]
[White "Mascarenhas, Alberto Pinheiro"]
[Black "Ferreira, Alexander"]
[Result "1-0"]
[WhiteElo "2240"]
[BlackElo "1713"]
[PlyCount "45"]
[EventDate "2011.06.18"]
[EventType "swiss"]
[EventRounds "9"]
[EventCountry "BRA"]
[Source "lmi"]
[SourceDate "2011.06.18"]

1. c4 e6 2. e4 c5 3. Nc3 Nc6 4. f4 g6 5. Nf3 Bg7 6. d3 d6 7. g3 b6 8. Bg2 Bb7
9. Be3 Nge7 10. d4 cxd4 11. Nxd4 O-O 12. O-O Na5 13. b3 Nec6 14. Rc1 Nxd4 15.
Bxd4 Nc6 16. Bxg7 Kxg7 17. Nb5 Qe7 18. Qxd6 a6 19. Qxe7 Nxe7 20. Nd6 Bc6 21.
Rfd1 Rfd8 22. Rd2 Ra7 23. Nf5+ 1-0

[Event "Zonal 2.4 Brasil 2011"]
[Site "Rio de Janeiro BRA"]
[Date "2011.06.19"]
[Round "2.1"]
[White "Cordova, Emilio"]
[Black "Cavalcanti, Francisco De Assis"]
[Result "1-0"]
[WhiteElo "2561"]
[BlackElo "2284"]
[PlyCount "111"]
[EventDate "2011.06.18"]
[EventType "swiss"]
[EventRounds "9"]
[EventCountry "BRA"]
[Source "lmi"]
[SourceDate "2011.06.18"]

1. d4 Nf6 2. Nf3 e6 3. e3 Be7 4. Bd3 d5 5. O-O O-O 6. c4 Nbd7 7. Nc3 a6 8. b3
c5 9. Bb2 b6 10. cxd5 exd5 11. Ne5 Bb7 12. Qf3 Bd6 13. Nxd7 Qxd7 14. Bf5 Qc7
15. Qh3 c4 16. bxc4 Qxc4 17. Rfc1 Qb4 18. Rab1 Qa5 19. e4 dxe4 20. d5 h6 21.
Nxe4 Nxe4 22. Bxe4 Bxd5 23. Qg4 f6 24. Bf5 Be5 25. Qg6 Rfe8 26. Re1 Kf8 27.
Bxe5 Rxe5 28. Rxe5 fxe5 29. h4 Rd8 30. Be6 Bxe6 31. Qxe6 Qa4 32. Qxb6 Rd1+ 33.
Rxd1 Qxd1+ 34. Kh2 Qa4 35. Qd6+ Kf7 36. Qd5+ Kf8 37. g3 e4 38. Kg2 Qa3 39. Kf1
a5 40. Qc4 a4 41. Kg1 e3 42. Qc8+ Kf7 43. Qf5+ Kg8 44. Qe6+ Kf8 45. fxe3 Qc1+
46. Kg2 Qd2+ 47. Kh3 Qd1 48. Qc8+ Ke7 49. Qc5+ Kf7 50. Qc4+ Kf8 51. Kg2 h5 52.
Qf1+ Qxf1+ 53. Kxf1 a3 54. Ke2 Ke7 55. Kd3 Ke6 56. e4 1-0

[Event "Zonal 2.4 Brasil 2011"]
[Site "Rio de Janeiro BRA"]
[Date "2011.06.19"]
[Round "2.2"]
[White "Abdalla, Luiz Guilherme Aure"]
[Black "Fier, Alexandr"]
[Result "0-1"]
[WhiteElo "2289"]
[BlackElo "2560"]
[PlyCount "78"]
[EventDate "2011.06.18"]
[EventType "swiss"]
[EventRounds "9"]
[EventCountry "BRA"]
[Source "lmi"]
[SourceDate "2011.06.18"]

1. d4 e6 2. c4 b6 3. Nf3 Nf6 4. a3 Ba6 5. Qc2 Bb7 6. Nc3 c5 7. e4 cxd4 8. Nxd4
d6 9. Be2 Be7 10. Be3 O-O 11. O-O a6 12. Rad1 Nbd7 13. Rd2 Qc7 14. f3 Rac8 15.
Rc1 Qb8 16. Qd1 Bd8 17. Kh1 Bc7 18. Qg1 Kh8 19. b4 Rg8 20. Nb3 g5 21. g4 Rg6
22. a4 h5 23. h3 Kg7 24. Kg2 Rh8 25. Nd5 Bd8 26. Nd4 Kf8 27. Qd1 hxg4 28. hxg4
Rgh6 29. Bg1 Ne5 30. Nxf6 Bxf6 31. Nb3 Be7 32. c5 bxc5 33. bxc5 d5 34. exd5
Bxd5 35. Rxd5 exd5 36. Qxd5 Ng6 37. Qc4 Rh1 38. c6 R8h2+ 39. Kf1 Rxg1+ 0-1

[Event "Zonal 2.4 Brasil 2011"]
[Site "Rio de Janeiro BRA"]
[Date "2011.06.19"]
[Round "2.3"]
[White "Zambrana, Oswaldo"]
[Black "Guimaraes, Wagner Peixoto"]
[Result "1-0"]
[WhiteElo "2514"]
[BlackElo "2277"]
[PlyCount "65"]
[EventDate "2011.06.18"]
[EventType "swiss"]
[EventRounds "9"]
[EventCountry "BRA"]
[Source "lmi"]
[SourceDate "2011.06.18"]

1. e4 c6 2. d4 d5 3. e5 c5 4. dxc5 Nc6 5. Nf3 e6 6. Be3 Nge7 7. c3 Nf5 8. Qd2
b6 9. cxb6 Nxe3 10. Qxe3 axb6 11. Bb5 Bd7 12. Bd3 Bc5 13. Qe2 Qc7 14. O-O g5
15. Re1 h6 16. Nbd2 g4 17. Nd4 Nxd4 18. cxd4 Bxd4 19. Nb3 Bc5 20. Qxg4 O-O-O
21. Rac1 Rdg8 22. Qf4 f5 23. Be2 Rg7 24. Nxc5 bxc5 25. b4 c4 26. Bxc4 dxc4 27.
Rxc4 Bc6 28. Rec1 Rxg2+ 29. Kf1 Qg7 30. Rxc6+ Kb8 31. Rb6+ Ka7 32. Rcc6 Rg1+
33. Ke2 1-0

[Event "Zonal 2.4 Brasil 2011"]
[Site "Rio de Janeiro BRA"]
[Date "2011.06.19"]
[Round "2.5"]
[White "Matsuura, Everaldo"]
[Black "Mascarenhas, Alberto Pinheiro"]
[Result "1-0"]
[WhiteElo "2480"]
[BlackElo "2240"]
[PlyCount "93"]
[EventDate "2011.06.18"]
[EventType "swiss"]
[EventRounds "9"]
[EventCountry "BRA"]
[Source "lmi"]
[SourceDate "2011.06.18"]

1. d4 Nf6 2. c4 g6 3. Nc3 Bg7 4. e4 d6 5. f3 O-O 6. Bg5 h6 7. Be3 e5 8. d5 Nh5
9. Qd2 Kh7 10. O-O-O a6 11. Kb1 f5 12. exf5 Bxf5+ 13. Ka1 Bd7 14. Nge2 b5 15.
Ng3 Nf4 16. h4 b4 17. Nce4 a5 18. h5 g5 19. Nf2 Na6 20. Nge4 a4 21. g3 Be8 22.
gxf4 gxf4 23. Qd3 Kh8 24. Bc1 a3 25. b3 Nc5 26. Qc2 Qb8 27. Kb1 Na4 28. Rd3 Nb2
29. Rd2 c6 30. Nd1 cxd5 31. cxd5 Na4 32. Rg2 Rf7 33. Qd2 Rc7 34. Nxd6 Rxc1+ 35.
Qxc1 Qxd6 36. bxa4 Bxa4 37. Rxg7 Kxg7 38. Rg1+ Kf8 39. Rg6 Qxd5 40. Bc4 Qxf3
41. Qd2 Qe4+ 42. Ka1 Qxc4 43. Qd6+ Kf7 44. Qf6+ Ke8 45. Qxe5+ Kd7 46. Rg7+ Kc8
47. Qf5+ 1-0

[Event "Zonal 2.4 Brasil 2011"]
[Site "Rio de Janeiro BRA"]
[Date "2011.06.19"]
[Round "2.7"]
[White "Bittencourt, Jorge"]
[Black "Santiago, Yago De Moura"]
[Result "1/2-1/2"]
[WhiteElo "2446"]
[BlackElo "2238"]
[PlyCount "75"]
[EventDate "2011.06.18"]
[EventType "swiss"]
[EventRounds "9"]
[EventCountry "BRA"]
[Source "lmi"]
[SourceDate "2011.06.18"]

1. d4 d5 2. c4 e6 3. Nc3 Nf6 4. Nf3 c5 5. cxd5 Nxd5 6. e4 Nxc3 7. bxc3 cxd4 8.
cxd4 Bb4+ 9. Bd2 Bxd2+ 10. Qxd2 O-O 11. Bc4 Nc6 12. O-O b6 13. Rfd1 Na5 14. Bd3
Bb7 15. Rac1 Qe7 16. Qf4 Rac8 17. h4 Rxc1 18. Rxc1 Qa3 19. Bb1 Qb2 20. Qd2 Qxd2
21. Nxd2 Rc8 22. Rxc8+ Bxc8 23. f4 Kf8 24. Kf2 Ba6 25. Ke3 Nc4+ 26. Nxc4 Bxc4
27. a3 Ke7 28. e5 f5 29. exf6+ Kxf6 30. Bxh7 g6 31. h5 gxh5 32. g3 b5 33. Kd2
a5 34. Kc3 Bd5 35. Bd3 Bc6 36. Bc2 Bd7 37. Be4 Be8 38. Bd3 1/2-1/2